000 00355nam a2200145 i 4500
001 bg
100 1 _aBONTA, Janos
245 0 _aLudwig Mies van der Rohe /
_cJanos Bonta.
260 _aBudapest,
_c1983.
040 _cBPK
041 _apol
080 _a72.071"18"(084.12):929"18/19"(430)A/Z
942 _cKS
008 s pl f |000 0 pol
999 _c22433
_d22433
856 _uhttp://koha.tu.koszalin.pl/cgi-bin/koha/opac-detail.pl?biblionumber=22433
_yKatalog online BPK